01438nam a2200289 a 450000100100000000500170001000800410002702000180006804000250008608200180011110000260012924501510015526000360030630000460034250400300038859000680041859000260048665000160051265000320052865000340056091000370059495201310063195201310076295201160089395201220100999900170113100004233520201002040104.0131126s2013 dr acd 001 0 spa d a9789945165937 aDO-SdBNPbspacBNPHU a746.92bD811n1 aD´Oleo, Rucht96940313aEl negocio de la moda :buna guía profesional completa de cómo diseñar, producir y mercadear una colección Ready-to-Wear /cRucht D´Oleo. aSanto Domingo :bBúho,c2013. a98 p. :bil., gráfcs., retrs. ;c28 cm. aBibliografía : p. 97-98 aLa biblioteca posee tres ejemplares autografiados por el autor. aInventariado, 2018/LP 4aModa922271 4aDiseño de vestidos922272 4aCreación de empresas969404 aValidado. Control de calidad EMS 001054708DSaGRbGRcHDd2013-11-26iLF1l0o746.92 D811np42335-30r2020-06-25te. 3w2020-06-25yLFDSZPréstamo en sala 001054708DSaGRbGRcHDd2014-03-03iLF1l0o746.92 D811np42335-40r2020-06-25te. 4w2020-06-25yLFDSZPréstamo en sala 0010718PDaPDbPDcHDd2013-11-26iLF1l0o746.92 D811np42335-10r2020-06-25w2020-06-25yLFPDZNo se presta 0010718PDaPDbPDcHDd2013-11-26iLF1l0o746.92 D811np42335-20r2020-06-25te. 2w2020-06-25yLFPDZNo se presta c41824d41824